II Conferencia general del episcopado latinoamericano. Iglesia y liberación humana : Los documentos de Medellín / Congreso Episcopal Latinoamericano (Registro nro. 37297)
[ vista simple ]
| 000 -LÍDER | |
|---|---|
| Campo fijo de descripción fija | 005250000a22001690004500 |
| 041 0# - CÓDIGO DE IDIOMA | |
| Código de idioma para texto/pista de sonido o título separado | |
| 082 04 - NÚMERO DE CLASIFICACIÓN DECIMAL DEWEY | |
| Número de clasificación | G 262.4 C74889i |
| 001 - NÚMERO DE CONTROL | |
| Campo de control | 7063 |
| 110 1# - ASIENTO PRINCIPAL--NOMBRE CORPORATIVO | |
| Nombre corporativo o de jurisdicción como elemento de entrada | CELAM |
| 245 10 - TÍTULO | |
| Título del Material | II Conferencia general del episcopado latinoamericano. Iglesia y liberación humana : Los documentos de Medellín / Congreso Episcopal Latinoamericano |
| 260 ## - PUBLICACIÓN, DISTRIBUCIÓN, ETC. (PIE DE IMPRENTA) | |
| Lugar de publicación, distribución, etc. | Cuenca, Ecuador., : Don Bosco |
| 300 ## - DESCRIPCIÓN FÍSICA | |
| Extensión | 261 Pag |
| 336 ## - CONTENT TYPE | |
| Content type term | texto |
| Content type code | txt |
| Source | rdacontent |
| 337 ## - MEDIA TYPE | |
| Source | rdamedia |
| Media type term | sin mediación |
| Media type code | n |
| 338 ## - CARRIER TYPE | |
| Source | rdacarrier |
| Carrier type term | volumen |
| Carrier type code | nc |
| 942 ## - TIPO DE MATERIAL (KOHA) | |
| Tipo de Item KOHA | Libros General |
| Estado de Material | Estado de Perdido | Estado de Dañado | No para Préstamo | Colección | Tomo | Biblioteca de Origen | Biblioteca Permanente | Fecha de Adquisición | Total de Préstamos | Signatura Topográfica | Código de Barras | Última vez visto | Última vez Préstado | Ejemplar/Existencia | Fecha de Remplazo | Tipo de Material |
|---|---|---|---|---|---|---|---|---|---|---|---|---|---|---|---|---|
| Colección General | Biblioteca FUSBC | Biblioteca FUSBC | 06/01/2005 | 3 | G 262.4 C74889i | 13785 | 04/08/2021 | 21/07/2021 | 2016-12-02 | 26/01/2016 | Libros General |
